| 000 | 00540nam a22001937a 4500 | ||
|---|---|---|---|
| 999 |
_c525684 _d525684 |
||
| 003 | NUST | ||
| 005 | 20190704044732.0 | ||
| 008 | 190704b ||||| |||| 00| 0 eng d | ||
| 038 | _aWaseem | ||
| 082 |
_a301.636 _bMUB |
||
| 100 |
_aAli, Mubark _916628 |
||
| 245 |
_aGhalmi aur Nusal Persati / _cMubark Ali |
||
| 260 |
_aLahore : _bFiction House Publisher, _c1998. |
||
| 300 | _a112 p. : | ||
| 500 | _aPaperback. | ||
| 880 |
_6100-01\r _aمبارک علی |
||
| 880 |
_6245-02\r _aغلامی اور نسل پرستی / |
||
| 942 |
_2ddc _cBK |
||